| 000 | 00463nam a22001337a 4500 | ||
|---|---|---|---|
| 003 | SGT | ||
| 082 |
_a617.6342 _bE18S |
||
| 100 | _aPOORVI, SAXENA | ||
| 245 | _aTO EVALUATE AND COMPARE EFFICIENCY OF SINGLE VS MULTIPLE RETREATMENT FILE SYSTEM IN REMOVAL OF GUTTA-PERCHA WITH IN THE ROOT CANAL WITH AND WITHOUT ULTRASONIC ACTIVATION | ||
| 260 |
_aDELHI NCR _bSGT UNIVERSITY GURUGRAM _c2018 |
||
| 300 | _a1-83 | ||
| 650 | _aCONSERVATIVE DENTISTRY | ||
| 942 |
_2ddc _cTH |
||
| 999 |
_c17087 _d17087 |
||